Fr. Conceicao Rodrigues College of Engineering

Big Data Analytics (Record no. 33796)

MARC details
000 -LEADER
fixed length control field 00351nam a2200169Ia 4500
082 ## - DEWEY DECIMAL CLASSIFICATION NUMBER
Item number KUL
100 ## - MAIN ENTRY--PERSONAL NAME
Personal name Kulkarni/Parag
245 ## - TITLE STATEMENT
Title Big Data Analytics
260 ## - PUBLICATION, DISTRIBUTION, ETC.
Name of publisher, distributor, etc. Prentice -Hall of India
Date of publication, distribution, etc. 2016
366 ## - TRADE AVAILABILITY INFORMATION
Publishers's discount category 25
300 ## - PHYSICAL DESCRIPTION
Extent 189
546 ## - LANGUAGE NOTE
Language note ENGLISH
-- electronics
650 ## - SUBJECT ADDED ENTRY--TOPICAL TERM
Topical term or geographic name entry element Big data
654 ## - SUBJECT ADDED ENTRY--FACETED TOPICAL TERMS
Focus term big data
942 ## - ADDED ENTRY ELEMENTS (KOHA)
Koha item type BOOK
Holdings
Withdrawn status Lost status Damaged status Not for loan Collection Home library Current library Date acquired Source of acquisition Cost, normal purchase price Inventory number Total Checkouts Full call number Barcode Date last seen Cost, replacement price Price effective from Koha item type
        CRC Fr. Agnel's C.Rodrigues College of Engineering Fr. Agnel's C.Rodrigues College of Engineering 17/03/2023 Allied Publishers 187.50 863 dt 30.1.2016   KUL 24430 17/03/2023 250.00   BOOK